English in speech and writing : (Record no. 61668)
[ view plain ]
| 000 -LEADER | |
|---|---|
| fixed length control field | 01084nam a2200313 a 4500 |
| 001 - CONTROL NUMBER | |
| control field | 61668 |
| 003 - CONTROL NUMBER IDENTIFIER | |
| rucl marc code | BD-RjUL |
| 005 - DATE AND TIME OF LATEST TRANSACTION | |
| control field | 20211209081005.0 |
| 008 - FIXED-LENGTH DATA ELEMENTS--GENERAL INFORMATION | |
| fixed length control field | 170121s1996 nyu b 001 0 eng u |
| 020 ## - INTERNATIONAL STANDARD BOOK NUMBER | |
| International Standard Book Number | 0415124808 (hbk.) |
| International Standard Book Number | 0415124816 (pbk.) |
| 035 ## - SYSTEM CONTROL NUMBER | |
| System control number | (BD-RjUL)61792 |
| 040 ## - CATALOGING SOURCE | |
| Original cataloging agency | BD-RjUL |
| Transcribing agency | BD-RjUL |
| Modifying agency | BD-RjUL |
| Language of cataloging | eng |
| 041 ## - LANGUAGE CODE | |
| Language code of text/sound track or separate title | eng |
| 082 00 - DEWEY DECIMAL CLASSIFICATION NUMBER | |
| Classification number | 420.141 |
| Edition number | 23 |
| Author mark and year | HUE 1996 |
| 100 1# - MAIN ENTRY--PERSONAL NAME | |
| Personal name | Hughes, Rebecca, |
| Dates associated with a name | 1962- |
| 9 (RLIN) | 183678 |
| 245 10 - TITLE STATEMENT | |
| Title | English in speech and writing : |
| Remainder of title | investigating language and literature / |
| Statement of responsibility, etc. | Rebecca Hughes. |
| 260 ## - PUBLICATION, DISTRIBUTION, ETC. (IMPRINT) | |
| Place of publication, distribution, etc. | London ; |
| -- | New York : |
| Name of publisher, distributor, etc. | Routledge, |
| Date of publication, distribution, etc. | 1996. |
| 300 ## - PHYSICAL DESCRIPTION | |
| Pagination | 178 p. ; |
| Size | 25 cm. |
| 490 1# - SERIES STATEMENT | |
| Series statement | Interface |
| 504 ## - BIBLIOGRAPHY, ETC. NOTE | |
| Bibliography, etc | Includes bibliographical references (p. [172]-175) and index. |
| 650 #0 - SUBJECT ADDED ENTRY--TOPICAL TERM | |
| Topical term or geographic name as entry element | English language |
| General subdivision | Discourse analysis. |
| 9 (RLIN) | 183679 |
| Topical term or geographic name as entry element | English language |
| General subdivision | Spoken English. |
| 9 (RLIN) | 183680 |
| Topical term or geographic name as entry element | English language |
| General subdivision | Written English. |
| 9 (RLIN) | 183681 |
| Topical term or geographic name as entry element | English language |
| General subdivision | Syntax. |
| 9 (RLIN) | 183682 |
| Topical term or geographic name as entry element | English language |
| General subdivision | Variation. |
| 9 (RLIN) | 183683 |
| 830 #0 - SERIES ADDED ENTRY--UNIFORM TITLE | |
| Uniform title | Interface (London, England) |
| 942 ## - ADDED ENTRY ELEMENTS (KOHA) | |
| Source of classification or shelving scheme | Dewey Decimal Classification |
| Koha item type | Books |
| Lost status | Source of classification or shelving scheme | Damaged status | Not for loan | Collection code | Permanent Location | Current Location | Shelving location | Date acquired | Source of acquisition | Cost, normal purchase price | Total Checkouts | Full call number | Date last seen | Copy number | Koha item type |
|---|---|---|---|---|---|---|---|---|---|---|---|---|---|---|---|
| Dewey Decimal Classification | Not For Loan | Non-fiction | Central Library, University of Rajshahi | Central Library, University of Rajshahi | Reading Room | 28/12/1999 | Dhaka, Paragon Enterprises Ltd. | 907.34 | 420.141 HUE 1996 | 21/01/2017 | C-1 | Books |